[Event "ChessKid Cup Div 2 W"]
[Site "chess.com INT"]
[Date "2023.05.22"]
[Round "1.4"]
[White "Kravtsiv, Martyn"]
[Black "Anton Guijarro, David"]
[Result "0-1"]
[WhiteTitle "GM"]
[BlackTitle "GM"]
[WhiteElo "2598"]
[BlackElo "2690"]
[WhiteFideId "14113147"]
[BlackFideId "2285525"]
[EventDate "2023.05.22"]
[EventType "k.o."]

1. d4 d5 2. c4 e6 3. Nc3 Nf6 4. Nf3 Bb4 5. g3 O-O 6. Bg2 dxc4 7. O-O Nc6 8. Qa4
Nd5 9. Qc2 Be7 10. Rd1 Ncb4 11. Qd2 Nb6 12. h4 Bd7 13. a3 N4d5 14. e4 Nxc3 15.
bxc3 Ba4 16. Re1 c5 17. Qf4 Bc2 18. Ra2 Bd3 19. a4 cxd4 20. Nxd4 Nd7 21. e5 Nc5
22. Ba3 Rb8 23. Nb5 Qd7 24. Nxa7 Qxa4 25. Bxc5 Qxa2 26. Bxe7 Qxa7 27. h5 h6 28.
g4 Qa5 29. Bb4 Qd8 30. Qg3 Re8 31. f4 Ra8 32. g5 Kh8 33. Qe3 Bf5 34. Bxb7 Ra2
35. Bd6 Rg8 36. Bf3 g6 37. Kh1 hxg5 38. fxg5 gxh5 39. Rg1 Bg6 40. Qd4 Kh7 41.
Qxc4 Rf2 42. Bc6 Qa5 43. Qd4 Qa2 44. Rg2 Rxg2 45. Bxg2 Rc8 46. Bb4 Qb1+ 47. Kh2
Qf5 48. Qe3 Rc4 49. Bh3 Qf4+ 50. Qxf4 Rxf4 51. Bc5 Re4 52. Bd4 Re2+ 53. Kg3 Bf5
54. Bg2 Rc2 55. Bf3 Kg6 56. Bd1 Rd2 57. Bf3 Rd3 58. Kf4 h4 59. Be2 Rd2 60. Ke3
Rc2 61. Bd1 Ra2 62. Kf4 Ra1 63. Be2 Re1 64. Bb5 Rb1 65. Be2 Rb2 66. Bf3 Rc2 67.
Bc6 h3 68. Kg3 h2 69. Bg2 Kxg5 70. Be3+ Kg6 71. Bd4 Kg7 72. Bf3 Rd2 73. Bg2 Kg8
74. Bh1 Rc2 75. Bg2 Kf8 76. Bc6 Bd3 77. Bc5+ Kg8 78. Bd4 Bc4 79. Be4 Bd5 0-1

[Event "ChessKid Cup Div 2 W"]
[Site "chess.com INT"]
[Date "2023.05.22"]
[Round "1.1"]
[White "Fedoseev, Vladimir3"]
[Black "Mamedyarov, Shakhriyar"]
[Result "0-1"]
[WhiteTitle "GM"]
[BlackTitle "GM"]
[WhiteElo "2680"]
[BlackElo "2738"]
[WhiteFideId "24130737"]
[BlackFideId "13401319"]
[EventDate "2023.05.22"]
[EventType "k.o."]

1. c4 e5 2. g3 Nf6 3. Bg2 d5 4. cxd5 Nxd5 5. Nc3 Nb6 6. Nf3 Nc6 7. O-O Be7 8. a3
O-O 9. b4 Be6 10. d3 Re8 11. Be3 Nd5 12. Nxd5 Bxd5 13. Qc2 a5 14. b5 Nd4 15.
Bxd4 exd4 16. Rfc1 c5 17. bxc6 bxc6 18. Ne1 Bg5 19. Rcb1 h5 20. Bxd5 Qxd5 21.
Nf3 Bf6 22. Rb6 Re6 23. Rab1 Kh7 24. Rb8 Rxb8 25. Rxb8 h4 26. Qd2 h3 27. Kf1 g5
28. g4 Kg7 29. Ra8 c5 30. Rxa5 Rb6 31. Qc2 Qb7 0-1

[Event "ChessKid Cup Div 2 W"]
[Site "chess.com INT"]
[Date "2023.05.22"]
[Round "1.2"]
[White "Mamedyarov, Shakhriyar"]
[Black "Fedoseev, Vladimir3"]
[Result "0-1"]
[WhiteTitle "GM"]
[BlackTitle "GM"]
[WhiteElo "2738"]
[BlackElo "2680"]
[WhiteFideId "13401319"]
[BlackFideId "24130737"]
[EventDate "2023.05.22"]
[EventType "k.o."]

1. d4 d5 2. c4 c6 3. cxd5 cxd5 4. Nc3 Nf6 5. Bf4 Nc6 6. e3 Bf5 7. Nf3 e6 8. Bb5
Nd7 9. O-O Rc8 10. Rc1 Be7 11. Qb3 O-O 12. Bxc6 bxc6 13. Qb7 a5 14. Ne5 Nxe5 15.
Bxe5 f6 16. Bg3 Bb4 17. Qa6 c5 18. dxc5 Rxc5 19. a3 Bxc3 20. Rxc3 Rxc3 21. bxc3
Qa8 22. Qxa8 Rxa8 23. Bc7 Ra7 24. Bb6 Ra6 25. Bc7 a4 26. Rd1 Ra7 27. Bd6 Rd7 28.
Bc5 Rc7 29. Bb4 Kf7 30. Rd2 g5 31. f3 h5 32. Kf2 Bb1 33. Ba5 Rb7 34. Bb4 Kg6 35.
h4 gxh4 36. Rd4 Kg5 37. Rd2 Bf5 38. Rd4 h3 39. g3 Rb5 40. Kg1 e5 41. Rd2 e4 42.
Rf2 Rb7 43. Kh2 Rd7 44. Rf1 Rc7 45. Rf2 Rc6 46. Rf1 Re6 47. Bc5 Kg6 48. Bd4 exf3
49. Rxf3 Re8 50. Bc5 Rc8 51. Bb4 Kg5 52. Rf4 Rc6 53. Rd4 Re6 54. c4 dxc4 55.
Rxc4 Kg6 56. Bc5 Rc6 57. Rc3 Bg4 58. Bd4 Ra6 59. Rc4 Kf5 60. Bc3 Ke6 61. Re4+
Kf7 62. Rc4 f5 63. Bd4 Ke6 64. Rb4 Kd5 65. Rb5+ Kc4 66. Rb4+ Kd3 67. Bc5 Rc6 68.
Rd4+ Ke2 69. Rc4 Rc8 70. Rc3 Kd2 71. Rc4 Kd3 72. Rd4+ Ke2 73. Rc4 Kd3 74. Rd4+
Kc3 75. Bb4+ Kb2 76. Rd2+ Kc1 77. Rf2 Rc4 78. Kg1 Kb1 79. Kh2 Re4 80. Bc5 Rc4
81. Bb4 Rc6 82. Rd2 Re6 83. Bc5 Re5 84. Rb2+ Kxb2 0-1

[Event "ChessKid Cup Div 2 W"]
[Site "chess.com INT"]
[Date "2023.05.22"]
[Round "1.3"]
[White "Fedoseev, Vladimir3"]
[Black "Mamedyarov, Shakhriyar"]
[Result "1/2-1/2"]
[WhiteTitle "GM"]
[BlackTitle "GM"]
[WhiteElo "2680"]
[BlackElo "2738"]
[WhiteFideId "24130737"]
[BlackFideId "13401319"]
[EventDate "2023.05.22"]
[EventType "k.o."]

1. Nf3 d5 2. g3 Nf6 3. Bg2 g6 4. b3 Bg7 5. Bb2 O-O 6. O-O c5 7. e3 b6 8. d4 Bb7
9. dxc5 bxc5 10. Nbd2 a5 11. c4 e6 12. Rc1 Nbd7 13. Ne5 Nxe5 14. Bxe5 Qb6 15.
Qc2 Rfc8 16. Rfd1 a4 17. Rb1 Qa7 18. Qb2 Ne8 19. Bxg7 Nxg7 20. b4 cxb4 21. Qxb4
Rab8 22. Qe7 Nf5 23. Qf6 dxc4 24. Bxb7 Rxb7 25. Rxb7 Qxb7 26. Nxc4 Qe7 27. Qxe7
Nxe7 28. Nb6 Rc2 29. a3 Ra2 30. Rd3 Nc6 31. f4 Na5 32. g4 Kg7 33. g5 Nb3 34.
Nxa4 Nd2 35. Nc5 Nf3+ 36. Kf1 h6 37. gxh6+ Kxh6 38. h3 g5 39. Ne4 f5 40. Ng3
Nd2+ 41. Ke1 Nc4 42. Ne2 Kh5 43. Rc3 Nd2 44. Nd4 Ne4 45. Rc8 Rxa3 46. Ke2 Nc3+
47. Kd2 Ne4+ 48. Ke2 Ra2+ 49. Ke1 Ra1+ 50. Ke2 Ra2+ 51. Ke1 Ra1+ 52. Ke2 Ra2+ 1/2-1/2

[Event "ChessKid Cup Div 2 W"]
[Site "chess.com INT"]
[Date "2023.05.22"]
[Round "1.4"]
[White "Mamedyarov, Shakhriyar"]
[Black "Fedoseev, Vladimir3"]
[Result "1/2-1/2"]
[WhiteTitle "GM"]
[BlackTitle "GM"]
[WhiteElo "2738"]
[BlackElo "2680"]
[WhiteFideId "13401319"]
[BlackFideId "24130737"]
[EventDate "2023.05.22"]
[EventType "k.o."]

1. d4 d5 2. c4 c6 3. cxd5 cxd5 4. Nc3 Nf6 5. Bf4 Nc6 6. e3 Bf5 7. Bb5 e6 8. Nf3
Bb4 9. Ne5 Qa5 10. Bxc6+ bxc6 11. O-O Bxc3 12. bxc3 Qa6 13. g4 Bg6 14. h4 Nd7
15. h5 Nxe5 16. Bxe5 f6 17. Bxf6 gxf6 18. hxg6 hxg6 19. Kg2 Kf7 20. Rh1 Rxh1 21.
Qxh1 Kg7 22. Qh2 Qe2 23. Qg3 Rf8 24. Rh1 f5 25. g5 f4 26. Qh3 Qh5 27. Qxh5 gxh5
28. Rxh5 fxe3 29. fxe3 Kg6 30. Rh6+ Kf5 31. Kg3 Rg8 32. Rf6+ Kxg5 33. Rf7 a5 34.
Rc7 Kf6+ 35. Kf3 Rg1 36. Rxc6 Ra1 37. c4 dxc4 38. Ke4 c3 39. d5 Kf7 40. dxe6+
Kf6 41. Rxc3 Rxa2 42. Rc6 a4 43. Ra6 a3 44. Kd3 Ra1 45. Kc2 a2 46. Kb2 Re1 47.
Rxa2 Rxe3 48. Ra6 Rxe6 49. Rxe6+ Kxe6 1/2-1/2

[Event "ChessKid Cup Div 2 W"]
[Site "chess.com INT"]
[Date "2023.05.22"]
[Round "1.5"]
[White "Fedoseev, Vladimir3"]
[Black "Mamedyarov, Shakhriyar"]
[Result "1-0"]
[WhiteTitle "GM"]
[BlackTitle "GM"]
[WhiteElo "2680"]
[BlackElo "2738"]
[WhiteFideId "24130737"]
[BlackFideId "13401319"]
[EventDate "2023.05.22"]
[EventType "k.o."]

1. Nf3 Nf6 2. c4 e6 3. g3 d5 4. Bg2 Be7 5. O-O O-O 6. d3 b6 7. cxd5 exd5 8. d4
c5 9. Nc3 Nc6 10. Bf4 Bb7 11. Rc1 cxd4 12. Nxd4 Nxd4 13. Qxd4 Bc5 14. Qd3 Qe7
15. Bg5 Rad8 16. a3 d4 17. Bxf6 Qxf6 18. Ne4 Bxe4 19. Bxe4 g6 20. b4 Bd6 21. Rc6
Rc8 22. Rfc1 Rxc6 23. Rxc6 Rd8 24. Qc4 Qe7 25. Bd3 Be5 26. a4 Rd6 27. b5 Rxc6
28. bxc6 Qc5 29. Qa6 Qc1+ 30. Kg2 Qxc6+ 31. f3 h5 32. Qxa7 h4 33. Bb5 Qc7 34.
Qa8+ Qb8 35. Qd5 hxg3 36. Bc4 Qc7 37. hxg3 Kg7 38. f4 Bf6 39. Kf1 Qd8 40. Qxf7+ 1-0

[Event "ChessKid Cup Div 2 W"]
[Site "chess.com INT"]
[Date "2023.05.22"]
[Round "1.1"]
[White "Sadhwani, Raunak"]
[Black "Gharibyan, Mamikon"]
[Result "1-0"]
[WhiteTitle "GM"]
[BlackTitle "IM"]
[WhiteElo "2627"]
[BlackElo "2500"]
[WhiteFideId "35093487"]
[BlackFideId "13308300"]
[EventDate "2023.05.22"]
[EventType "k.o."]

1. Nf3 d5 2. d4 Nf6 3. c4 e6 4. g3 Bb4+ 5. Bd2 Be7 6. Bg2 Nbd7 7. O-O O-O 8. Qc2
c6 9. Rd1 b6 10. b3 Ba6 11. a4 c5 12. a5 cxd4 13. Nxd4 Rc8 14. Nc3 bxa5 15. Ncb5
Qb6 16. Bxa5 Qb8 17. Bc7 Qb7 18. Bd6 Nc5 19. b4 Bxb5 20. Nxb5 a6 21. Bxe7 Qxe7
22. Nd4 Nce4 23. c5 e5 24. Nf5 Qe6 25. Ne3 Rfd8 26. Nxd5 Nxd5 27. Qxe4 Nc3 28.
Rxd8+ Rxd8 29. Qc2 Qc4 30. Kh1 Qxb4 31. c6 g6 32. Rc1 Nb5 33. h4 Rd2 34. Qc5
Qxc5 35. Rxc5 Rxe2 36. c7 Nxc7 37. Rxc7 Rxf2 38. Re7 h5 39. Rxe5 Kg7 40. Re7 a5
41. Re5 a4 42. Ra5 Kf8 43. Rxa4 Kg7 44. Kg1 Rf5 45. Be4 Rf6 46. Kg2 Re6 47. Kf3
Rf6+ 48. Ke3 Rf1 49. Ra7 Re1+ 50. Kd4 Rg1 51. Bd5 Rxg3 52. Rxf7+ Kh6 53. Ke5 Rg4
54. Rf4 Rg1 55. Ra4 g5 56. Ra6+ Kg7 57. Ra7+ Kf8 58. Kd6 1-0

[Event "ChessKid Cup Div 2 W"]
[Site "chess.com INT"]
[Date "2023.05.22"]
[Round "1.2"]
[White "Gharibyan, Mamikon"]
[Black "Sadhwani, Raunak"]
[Result "1-0"]
[WhiteTitle "IM"]
[BlackTitle "GM"]
[WhiteElo "2500"]
[BlackElo "2627"]
[WhiteFideId "13308300"]
[BlackFideId "35093487"]
[EventDate "2023.05.22"]
[EventType "k.o."]

1. d4 Nf6 2. Nf3 d5 3. c3 e6 4. Bf4 Bd6 5. e3 O-O 6. Nbd2 c5 7. Bg3 Qc7 8. dxc5
Qxc5 9. Bd3 Nbd7 10. Qe2 Qc7 11. e4 dxe4 12. Nxe4 Nxe4 13. Qxe4 Nf6 14. Qe2 Rd8
15. O-O-O b6 16. Ne5 Bb7 17. f4 a5 18. Kb1 a4 19. a3 Nd5 20. c4 Nf6 21. Bh4 Be7
22. Bc2 g6 23. Rhf1 Nh5 24. Rxd8+ Rxd8 25. Be1 f6 26. Nxg6 hxg6 27. Qxe6+ Kh8
28. Bxg6 Rd1+ 29. Kc2 Rd4 30. Bc3 Bc8 31. Qf7 Ng7 32. Re1 Be6 33. Rxe6 1-0

[Event "ChessKid Cup Div 2 W"]
[Site "chess.com INT"]
[Date "2023.05.22"]
[Round "1.3"]
[White "Sadhwani, Raunak"]
[Black "Gharibyan, Mamikon"]
[Result "1-0"]
[WhiteTitle "GM"]
[BlackTitle "IM"]
[WhiteElo "2627"]
[BlackElo "2500"]
[WhiteFideId "35093487"]
[BlackFideId "13308300"]
[EventDate "2023.05.22"]
[EventType "k.o."]

1. d4 Nf6 2. c4 e6 3. Nf3 d5 4. g3 Bb4+ 5. Bd2 a5 6. Bg2 O-O 7. Qc2 c5 8. cxd5
cxd4 9. Nxd4 Qb6 10. Nf3 exd5 11. O-O Nc6 12. Nc3 d4 13. Na4 Qb5 14. Qd3 Qh5 15.
Nb6 Bf5 16. Qb5 Rad8 17. Bxb4 axb4 18. Rac1 Be6 19. Qxh5 Nxh5 20. b3 Nf6 21. Ng5
Bg4 22. Rfe1 Rfe8 23. Nf3 Ne4 24. h3 Bh5 25. g4 Bg6 26. Nh4 Nc3 27. Nxg6 hxg6
28. Kf1 Re6 29. Na4 Rde8 30. Nc5 R6e7 31. Nxb7 Ne5 32. Nc5 g5 33. Rc2 Ra7 34.
Rd2 Ra5 35. Ne4 Rd8 36. Nxg5 Nxg4 37. Nxf7 Nh2+ 38. Kg1 Kxf7 39. Kxh2 Kf6 40.
Rg1 Rxa2 41. Rxa2 Nxa2 42. Be4 Nc3 43. Bd3 Re8 44. Rg6+ Kf7 45. Rg4 Rd8 46. h4
Kf6 47. Kg3 Rd5 48. Rg6+ Kf7 49. Rb6 Re5 50. Kf3 Na2 51. Rd6 1-0

[Event "ChessKid Cup Div 2 W"]
[Site "chess.com INT"]
[Date "2023.05.22"]
[Round "1.4"]
[White "Gharibyan, Mamikon"]
[Black "Sadhwani, Raunak"]
[Result "0-1"]
[WhiteTitle "IM"]
[BlackTitle "GM"]
[WhiteElo "2500"]
[BlackElo "2627"]
[WhiteFideId "13308300"]
[BlackFideId "35093487"]
[EventDate "2023.05.22"]
[EventType "k.o."]

1. d4 Nf6 2. Nf3 d5 3. c3 e6 4. Bf4 Bd6 5. e3 O-O 6. Nbd2 c5 7. Bg3 Qc7 8. dxc5
Qxc5 9. Bd3 Nbd7 10. Qe2 Qc7 11. e4 dxe4 12. Nxe4 Nxe4 13. Qxe4 Nf6 14. Qe2 Rd8
15. O-O-O b6 16. Ne5 Bb7 17. Kb1 Bxg2 18. Rhg1 Bh3 19. Bf4 Bf5 20. Bxf5 exf5 21.
Rge1 Re8 22. Qf3 Ne4 23. Nd3 Bxf4 24. Nxf4 Nd2+ 25. Rxd2 Rxe1+ 26. Kc2 Rae8 0-1

[Event "ChessKid Cup Div 2 W"]
[Site "chess.com INT"]
[Date "2023.05.22"]
[Round "1.1"]
[White "Meier, Georg"]
[Black "Alekseenko, Kirill"]
[Result "0-1"]
[WhiteTitle "GM"]
[BlackTitle "GM"]
[WhiteElo "2614"]
[BlackElo "2686"]
[WhiteFideId "4675789"]
[BlackFideId "4135539"]
[EventDate "2023.05.22"]
[EventType "k.o."]

1. Nf3 d5 2. e3 Nf6 3. c4 e6 4. Nc3 a6 5. b3 Bd6 6. Bb2 O-O 7. Rc1 Nbd7 8. Be2
Re8 9. O-O b6 10. cxd5 exd5 11. Re1 Bb7 12. h3 Nf8 13. Bf1 Ng6 14. Ne2 c5 15. d4
Rc8 16. Qd3 Qe7 17. dxc5 bxc5 18. g3 d4 19. exd4 Be4 20. Nc3 Bxd3 21. Rxe7 Bxe7
22. Bxd3 cxd4 23. Ne2 Rxc1+ 24. Nxc1 a5 25. Bxd4 Nd5 26. Bc4 Bf6 27. Bc5 Nc3 28.
a4 Ne4 29. Bb6 Bd8 30. Bb5 Bxb6 31. Bxe8 Bxf2+ 32. Kg2 Bxg3 33. Bc6 Nf4+ 34. Kf1
Nc5 35. Ng1 Kf8 36. Nce2 Nxe2 37. Nxe2 Be5 38. Bd5 f5 39. Kg2 Ke7 40. h4 h6 41.
h5 Kf6 42. Ng1 Kg5 43. Nf3+ Kf4 44. Bf7 Bf6 45. Nd2 Bc3 46. Nc4 Nd3 47. Nb6 Kg4
48. Nd5 Bd2 49. Kf1 Nc1 50. Ne7 f4 51. Nc6 Bc3 52. Ne7 f3 53. Nd5 Bd4 54. Nc7
Ne2 0-1

[Event "ChessKid Cup Div 2 W"]
[Site "chess.com INT"]
[Date "2023.05.22"]
[Round "1.2"]
[White "Alekseenko, Kirill"]
[Black "Meier, Georg"]
[Result "1-0"]
[WhiteTitle "GM"]
[BlackTitle "GM"]
[WhiteElo "2686"]
[BlackElo "2614"]
[WhiteFideId "4135539"]
[BlackFideId "4675789"]
[EventDate "2023.05.22"]
[EventType "k.o."]

1. d4 e6 2. Bf4 Nf6 3. e3 Be7 4. Nc3 O-O 5. g4 d6 6. g5 Nfd7 7. h4 e5 8. Bg3
exd4 9. exd4 Re8 10. Be2 Nb6 11. Qd2 Nc6 12. O-O-O Bf5 13. Bd3 Qd7 14. Qf4 Bxd3
15. Rxd3 Nb4 16. Rf3 Bxg5 17. hxg5 Re1+ 18. Kd2 Rae8 19. b3 g6 20. Qh4 h5 21.
gxh6 N6d5 22. h7+ Kh8 23. Nge2 Rxh1 24. Qxh1 Qc6 25. Qd1 Qd7 26. Nxd5 Nxd5 27.
Nc3 Nxc3 28. Kxc3 1-0

[Event "ChessKid Cup Div 2 W"]
[Site "chess.com INT"]
[Date "2023.05.22"]
[Round "1.3"]
[White "Meier, Georg"]
[Black "Alekseenko, Kirill"]
[Result "1-0"]
[WhiteTitle "GM"]
[BlackTitle "GM"]
[WhiteElo "2614"]
[BlackElo "2686"]
[WhiteFideId "4675789"]
[BlackFideId "4135539"]
[EventDate "2023.05.22"]
[EventType "k.o."]

1. Nf3 d5 2. e3 Nf6 3. c4 e6 4. Nc3 a6 5. b3 Bd6 6. Bb2 O-O 7. g3 c5 8. cxd5
exd5 9. Bg2 Nc6 10. O-O Re8 11. Rc1 b5 12. Ne2 Bb7 13. Nf4 d4 14. Nxd4 cxd4 15.
Bxc6 Bxc6 16. Rxc6 Qd7 17. Rc1 Be5 18. Nd3 Qh3 19. Nxe5 Rxe5 20. Qf3 Rae8 21.
Bxd4 Rh5 22. Qg2 Qe6 23. Rc6 Qd7 24. Bxf6 gxf6 25. d4 1-0

[Event "ChessKid Cup Div 2 W"]
[Site "chess.com INT"]
[Date "2023.05.22"]
[Round "1.4"]
[White "Alekseenko, Kirill"]
[Black "Meier, Georg"]
[Result "1/2-1/2"]
[WhiteTitle "GM"]
[BlackTitle "GM"]
[WhiteElo "2686"]
[BlackElo "2614"]
[WhiteFideId "4135539"]
[BlackFideId "4675789"]
[EventDate "2023.05.22"]
[EventType "k.o."]

1. d4 e6 2. Bf4 Nf6 3. e3 b6 4. Qf3 Nc6 5. Nc3 Bb4 6. Ne2 Nd5 7. a3 Bxc3+ 8.
Nxc3 Nxc3 9. bxc3 O-O 10. Bd3 Bb7 11. Qg3 Ne7 12. Bxc7 Qc8 13. O-O Re8 14. c4
Ba6 15. Rfb1 f6 16. e4 Nc6 17. d5 Ne7 18. Rb4 e5 19. Bd6 Ng6 20. a4 Nh8 21. Rb3
Nf7 22. Bb4 Qc7 23. h4 Rec8 24. Rc3 Qb7 25. Be2 Rc7 26. Be7 Kh8 27. d6 Rc5 28.
Bh5 Nh6 29. Rf3 Ng8 30. Qg4 Nh6 31. Qxg7+ Kxg7 32. Bxf6+ Kf8 33. Be7+ Kg7 34.
Bf6+ Kf8 35. Be7+ Kg7 36. Bf6+ 1/2-1/2

[Event "ChessKid Cup Div 2 W"]
[Site "chess.com INT"]
[Date "2023.05.23"]
[Round "2.1"]
[White "Nguyen, Ngoc Truong Son"]
[Black "Le, Quang Liem"]
[Result "1-0"]
[WhiteTitle "GM"]
[BlackTitle "GM"]
[WhiteElo "2645"]
[BlackElo "2728"]
[WhiteFideId "12401110"]
[BlackFideId "12401137"]
[EventDate "2023.05.22"]
[EventType "k.o."]

1. d4 d5 2. Nf3 Nf6 3. Bf4 c5 4. e3 e6 5. c3 Qb6 6. Qc2 Bd6 7. Bg3 Nbd7 8. Nbd2
O-O 9. Bd3 h6 10. O-O Qc7 11. e4 Bxg3 12. hxg3 cxd4 13. Nxd4 Nc5 14. Rfe1 dxe4
15. Nxe4 Ncxe4 16. Bxe4 Bd7 17. Bf3 e5 18. Nf5 Rfe8 19. Ne3 Be6 20. Rad1 Rad8
21. Rxd8 Rxd8 22. Rd1 Rxd1+ 23. Qxd1 b6 24. a3 Kf8 25. Qa4 g6 26. c4 a5 27. b4
axb4 28. Qxb4+ Kg7 29. a4 e4 30. Be2 Nd7 31. Nd5 Bxd5 32. cxd5 Qe5 33. Qb5 Nf6
34. Qxb6 Qa1+ 35. Kh2 Qxa4 36. d6 Qa2 37. Qd4 Qa8 38. d7 Qd8 39. Bb5 Kg8 40. Kg1
Nh7 41. Qxe4 Nf6 42. Qe8+ 1-0

[Event "ChessKid Cup Div 2 W"]
[Site "chess.com INT"]
[Date "2023.05.23"]
[Round "2.2"]
[White "Le, Quang Liem"]
[Black "Nguyen, Ngoc Truong Son"]
[Result "0-1"]
[WhiteTitle "GM"]
[BlackTitle "GM"]
[WhiteElo "2728"]
[BlackElo "2645"]
[WhiteFideId "12401137"]
[BlackFideId "12401110"]
[EventDate "2023.05.22"]
[EventType "k.o."]

1. d4 Nf6 2. Nf3 d5 3. c4 e6 4. Nc3 a6 5. c5 b6 6. cxb6 cxb6 7. Bf4 Bd6 8. e3
Bb7 9. Bd3 Nc6 10. O-O Bxf4 11. exf4 O-O 12. Re1 Qd6 13. g3 g6 14. Rc1 Rac8 15.
Bb1 Rc7 16. Na4 Na5 17. Qe2 Rfc8 18. Rxc7 Rxc7 19. Qe5 Qxe5 20. Nxe5 Nc4 21. Rc1
b5 22. b3 bxa4 23. bxc4 dxc4 24. Rxc4 Rxc4 25. Nxc4 Be4 26. Nd2 Bxb1 27. Nxb1
Nd5 28. Kf1 Kf8 29. a3 Ke7 30. Ke2 Kd6 31. Kd3 Kc6 32. Nc3 Nb6 33. Ne4 h6 34. h4
a5 35. Nd2 Kb5 36. Nb1 Kc6 37. Nc3 Kd6 38. Nd1 Kc6 39. Ne3 Kb5 40. g4 h5 41. g5
Kc6 42. Nc4 Nd5 43. Ke4 Kd7 44. Nxa5 Nc3+ 45. Kd3 Nb5 46. Nc4 Ke7 47. Ke4 Nc3+
48. Ke5 Nd5 49. Nd6 Nb6 50. Nb5 Nc4+ 51. Ke4 Kd7 52. Kd3 Nb6 53. Nc3 Kc6 54. Ke4
Kd6 55. Kd3 Kc6 56. Ne2 Kd5 57. f5 exf5 58. Nf4+ Kc6 59. Kc3 Kb5 60. f3 Nc4 61.
Nd3 Nxa3 62. Ne5 Nb1+ 63. Kc2 Na3+ 64. Kd3 Kb4 65. Nxf7 Nb5 66. Ne5 a3 67. Kc2
Nxd4+ 68. Kd3 a2 69. Kxd4 a1=Q+ 70. Kd5 Qh1 71. Nxg6 Qxf3+ 72. Ke5 Qe4+ 73. Kf6
f4 74. Ne5 f3 75. g6 f2 0-1

[Event "ChessKid Cup Div 2 W"]
[Site "chess.com INT"]
[Date "2023.05.23"]
[Round "2.3"]
[White "Nguyen, Ngoc Truong Son"]
[Black "Le, Quang Liem"]
[Result "1-0"]
[WhiteTitle "GM"]
[BlackTitle "GM"]
[WhiteElo "2645"]
[BlackElo "2728"]
[WhiteFideId "12401110"]
[BlackFideId "12401137"]
[EventDate "2023.05.22"]
[EventType "k.o."]

1. d4 Nf6 2. Nf3 b6 3. c4 e6 4. g3 Ba6 5. b3 Bb7 6. Bg2 Bb4+ 7. Bd2 a5 8. O-O
O-O 9. Bg5 Be7 10. Nc3 h6 11. Bxf6 Bxf6 12. Qc2 g6 13. Rad1 d6 14. e3 Bg7 15.
Ne1 c6 16. Nd3 Nd7 17. Rc1 Qb8 18. Rfd1 Rc8 19. a4 d5 20. cxd5 exd5 21. Nf4 Nf6
22. e4 dxe4 23. Nxe4 Nxe4 24. Bxe4 Qd6 25. h4 Ra7 26. h5 g5 27. Ng2 Ba8 28. Ne3
Rac7 29. Qd3 Rd8 30. Qa6 Qb4 31. Rc4 Qxb3 32. Rb1 Bb7 33. Qa7 Qa3 34. Qxb6 Qe7
35. d5 c5 36. Nf5 Qe5 37. Nxh6+ Kf8 38. Ng4 Qd6 39. Qxd6+ Rxd6 40. Ne3 Ba6 41.
Rb8+ Rc8 42. Rxc8+ Bxc8 43. Rxc5 Bd7 44. Rxa5 Bd4 45. Nf5 Bxf5 46. Bxf5 g4 47.
Bxg4 Rf6 48. d6 Rxd6 49. Rf5 Kg7 50. Kg2 Rb6 51. a5 Rb2 52. h6+ Kg6 53. h7 Ra2
54. Rf4 Be5 55. Bf5+ Kg5 56. Rf3 Rxa5 57. Bd3 Kh6 58. Rxf7 Ra8 59. f4 Bg7 60.
Kh3 Rd8 61. Bf5 Ra8 62. Kh4 Ra1 63. h8=Q+ 1-0

[Event "ChessKid Cup Div 2 W"]
[Site "chess.com INT"]
[Date "2023.05.23"]
[Round "2.1"]
[White "Eljanov, Pavel"]
[Black "Oparin, Grigoriy"]
[Result "0-1"]
[WhiteTitle "GM"]
[BlackTitle "GM"]
[WhiteElo "2705"]
[BlackElo "2667"]
[WhiteFideId "14102951"]
[BlackFideId "24125890"]
[EventDate "2023.05.22"]
[EventType "k.o."]

1. d4 Nf6 2. Nf3 e6 3. Bf4 d5 4. e3 c5 5. c3 Nc6 6. Nbd2 cxd4 7. exd4 Nh5 8. Be3
Bd6 9. Ne5 g6 10. Nd3 O-O 11. g3 Ng7 12. Bg2 b6 13. Nf3 f6 14. O-O Bb7 15. Bf4
g5 16. Bxd6 Qxd6 17. h4 h6 18. Re1 Rae8 19. hxg5 hxg5 20. Qd2 Ne7 21. Nh2 Nef5
22. Ng4 Qd8 23. f4 Nxg3 24. fxg5 fxg5 25. Nde5 N7f5 26. Qd3 Kg7 27. Re3 Ne4 28.
Rh3 Rh8 29. Nf2 Rxh3 30. Bxh3 Rh8 31. Bg2 Nxf2 32. Kxf2 g4 33. Rg1 Rh2 34. Kf1
Qg5 35. Ke2 Ba6 36. c4 dxc4 37. Qc3 Qf4 0-1

[Event "ChessKid Cup Div 2 W"]
[Site "chess.com INT"]
[Date "2023.05.23"]
[Round "2.2"]
[White "Oparin, Grigoriy"]
[Black "Eljanov, Pavel"]
[Result "1/2-1/2"]
[WhiteTitle "GM"]
[BlackTitle "GM"]
[WhiteElo "2667"]
[BlackElo "2705"]
[WhiteFideId "24125890"]
[BlackFideId "14102951"]
[EventDate "2023.05.22"]
[EventType "k.o."]

1. d4 Nf6 2. c4 e6 3. Nf3 b6 4. g3 Bb7 5. Bg2 Be7 6. O-O O-O 7. Nc3 Ne4 8. Bd2
f5 9. Ne5 Bf6 10. Qc2 Nxc3 11. Bxc3 Bxg2 12. Kxg2 d6 13. Nf3 d5 14. Qa4 c6 15.
Rac1 a5 16. Bd2 g5 17. cxd5 Qxd5 18. Qc4 g4 19. Qxd5 exd5 20. Ne5 Bxe5 21. dxe5
c5 22. Rfd1 Kf7 23. Bh6 Rd8 24. Bg5 Rd7 25. h3 gxh3+ 26. Kxh3 Nc6 27. f4 Rg8 28.
g4 fxg4+ 29. Kxg4 h6 30. Kf5 Nxe5 31. Rh1 Nc4 32. Rxc4 hxg5 33. Ra4 g4 34. e4
dxe4 35. Rh7+ Ke8 36. Rxe4+ Kd8 37. Rh2 g3 38. Rg2 Rd5+ 39. Ke6 Rd3 40. Re5 Rf3
41. Rg5 Rxg5 42. fxg5 Ke8 43. Ke5 c4 44. Ke4 Rd3 45. a4 Kf7 46. Kf5 Kg7 47. Kg4
Rb3 48. Re2 Rb4 49. Kxg3 Rxa4 50. Re7+ Kf8 51. Rc7 Rb4 52. Kf3 b5 53. g6 Rxb2
54. Ke4 a4 55. Kd4 a3 56. Ra7 a2 57. Kc3 Rg2 58. Kb4 Rb2+ 59. Kc3 Rb3+ 60. Kd4
Rd3+ 61. Kc5 Rd2 62. Kb4 Kg8 63. Kc3 Rg2 64. Kb4 Rf2 65. Kc3 Rf3+ 66. Kb4 Rb3+
67. Kc5 Rb2 68. Kd4 Rc2 69. Kc5 c3 70. Kb4 Rc1 71. Rxa2 c2 72. Kb3 Rg1 73. Rxc2
Rxg6 74. Kb4 Rg5 75. Rc5 Rxc5 76. Kxc5 Kf7 77. Kxb5 1/2-1/2

[Event "ChessKid Cup Div 2 W"]
[Site "chess.com INT"]
[Date "2023.05.23"]
[Round "2.3"]
[White "Eljanov, Pavel"]
[Black "Oparin, Grigoriy"]
[Result "0-1"]
[WhiteTitle "GM"]
[BlackTitle "GM"]
[WhiteElo "2705"]
[BlackElo "2667"]
[WhiteFideId "14102951"]
[BlackFideId "24125890"]
[EventDate "2023.05.22"]
[EventType "k.o."]

1. d4 Nf6 2. c4 e6 3. Nc3 Bb4 4. e3 O-O 5. Bd3 c5 6. Nf3 d5 7. cxd5 cxd4 8. exd4
exd5 9. O-O Bg4 10. h3 Bh5 11. Bg5 Bxc3 12. bxc3 Qd6 13. Bxf6 Qxf6 14. g4 Bg6
15. Ne5 Qd6 16. Rb1 b6 17. Bxg6 hxg6 18. Qa4 Rc8 19. Rfe1 Nc6 20. Re3 Nxe5 21.
dxe5 Qe6 22. Rb4 Rc5 23. Rd4 g5 24. Kg2 g6 25. Qc2 Rac8 26. Qd2 Kg7 27. f4 gxf4
28. Rxf4 d4 29. Rxd4 Rxe5 30. Rdd3 Rcc5 31. Qf2 Ra5 32. Rxe5 Rxe5 33. Rd2 Re3
34. Qf4 Qc6+ 35. Kf2 Rxh3 36. c4 Qf6 37. Qxf6+ Kxf6 38. c5 bxc5 39. Rd5 Rc3 40.
Rd6+ Kg5 41. Rd7 f6 0-1